Penser le changement dans les partis politiques: le processus d'institutionnalisation au Partido Popular /

সংরক্ষণ করুন:
গ্রন্থ-পঞ্জীর বিবরন
প্রধান লেখক: Chanel, Frédérique
বিন্যাস: পাঠ‍্য
বিষয়গুলি:
ট্যাগগুলো: ট্যাগ যুক্ত করুন
কোনো ট্যাগ নেই, প্রথমজন হিসাবে ট্যাগ করুন!

MARC

LEADER 00000 a a2200000 04500
001 1840
003
040
100 |a Chanel, Frédérique  
245 |a Penser le changement dans les partis politiques:   |b le processus d'institutionnalisation au Partido Popular /  |c Frédérique Chanel 
650 |a PARTIDOS POLITICOS  
650 |a RELACIONES DE PODER  
650 |a LIDERAZGO  
650 |a ESPAÑA  
773 |g número 2; páginas 73-122  
999 |c 28659  |d 28659